| 000 | 00519nam a2200169Ia 4500 | ||
|---|---|---|---|
| 003 | GCL | ||
| 008 | 140319s9999 xx 000 0 ara d | ||
| 040 |
_aGCL / _cGCL |
||
| 082 | 0 | 4 |
_a843.03 _bا ش |
| 100 | 1 | _aممدوح عدوان | |
| 245 | 1 | 0 |
_aالشيخ والوسام: رواية / _cممدوح عدوان |
| 700 | 1 | _aاويونو, فردنياند | |
| 300 | _a172 ص | ||
| 490 |
_aالهيئة العامة للاستعلامات _v0 |
||
| 650 | 0 | 4 | _aالادب الفرنسى المترجم |
| 942 |
_2ddc _cBK |
||
| 999 |
_c47266 _d47266 |
||